| 000 | 01388nam0a2200349 4500 | ||
|---|---|---|---|
| 001 | RU\NLR\bibl\1464071 | ||
| 005 | 20260409070446.0 | ||
| 010 |
_a978-5-699-21584-3 _93000 |
||
| 021 |
_aRU _b2009-95144 _96034 |
||
| 035 | _a(nilc)RSL-KNO-004420043 | ||
| 035 | _a(NLR Aleph) 001455815 | ||
| 090 |
_a1551950 _c1551950 |
||
| 100 | _a20091120d2009 |||y0rusy50 ca | ||
| 101 | 0 | _arus | |
| 102 | _aRU | ||
| 105 | _aa ||||||||| | ||
| 200 | 1 |
_aНастольная книга учителя географии _e6-11 классы _f[Н. Н. Петрова, Д. В. Новенко] |
|
| 210 |
_aМосква _cEksmo Education _cЭксмо _d2009 |
||
| 215 |
_a585 с. _cил., табл. _d22 |
||
| 225 | 1 | _aНастольная книга учителя | |
| 300 | _aАвт. указаны на обороте тит. л. | ||
| 606 |
_aГеография _xПреподавание _xСредняя школа _3RU\NLR\auth\66263848 _91377125 |
||
| 686 |
_aЧ426.43,6(2)я2 _2rubbk |
||
| 686 | _aЧ426.43 | ||
| 700 | 1 |
_4070 _8rus _7ca _aПетрова _bН. Н. _cд-р пед. наук _gНаталья Николаевна _3RU\NLR\auth\773810 _9113802 |
|
| 701 | 1 |
_aНовенко _bД. В. _gДмитрий Васильевич _4070 |
|
| 801 | 0 |
_aRU _bРГБ _c20091120 _grcr |
|
| 801 | 1 |
_aRU _bРГБ _c20091120 |
|
| 801 | 2 |
_aRU _bNLR _c20100122 _grcr |
|
| 942 | _cBOOK | ||
| 980 | _aNB | ||